01430nas a2200421 4500001001300000003000900013005001700022007000300039008003400042040005400076041000900130072001800139100002600157100001600183100001400199100001800213100001700231100001700248100002800265100001600293100002500309100001300334100002200347100001500369100002600384100001800410100001700428245014000445650002500585650001500610650002100625650003200646773010800678909004000786942001800826999001900844952014500863BR2015005346BR-BrBNA20231205125725.0ta230509b bl.|||p| |||| 00| 00por d aBR-BrBNAbporcBiblioteca Nacional de Agricultura a(En) aA50; F30; P011 aSouza, A. das G.C. de1 aSousa, N.R.1 aLopes, R.1 aAtroch, A. L.1 aBarcelos, E.1 aCordeiro, E.1 aOliveira, M. do S.P. de1 aAlves, R.M.1 aFarias Neto, J.T. de1 aNoda, H.1 aSilva Filjo, D.F.1 aYuyama, K.1 aAlmeida, C.M.V. C. de1 aLopes, M.T.G.1 aOhashi, S.T.1 aContribution of the institutions in the Northern region fo Brazil to the development of plant cultivars and their impact on agriculture aMELHORAMENTO VEGETAL aAMAZÔNIA aESPÉCIE NATIVA aINSTITUIÇÃO DE PESQUISA0 tCrop Breeding and Applied Biotechnology (Brazil)xISSN 1518-7853g(Dec 2012), S2 p. 47-56wBR2015005346 a202311bLúciac55dLúcia Elande 2AGRISn0cANA c245777d245777 002AGRIS4071a41918b41918cPeriódicos Agrícolash(Dec 2012), S2 p. 47-56l0r2023-11-29t01yCRePortaria Interministerial nº 164/94